Soccer Logos - Zoomed In International #1 - Statistics

General Stats
  • This quiz has been taken 346 times
  • The average score is 14 of 16
Answer Stats
Picture Answer % Correct
England
100%
Germany
99%
Italy
99%
Netherlands
99%
Croatia
97%
France
97%
Brazil
96%
Argentina
95%
Mexico
93%
Denmark
87%
Uruguay
87%
Japan
83%
Scotland
82%
Colombia
77%
Egypt
70%
Nigeria
35%
No matching quizzes found
Score Distribution
Percent of People with Each Score
Percentile by Number Answered
Your Score History
You have not taken this quiz